Commerce, business administration, business manage (Record no. 482503)
[ view plain ]
| 000 -LEADER | |
|---|---|
| fixed length control field | 00743nam a2200229Ia 4500 |
| 003 - CONTROL NUMBER IDENTIFIER | |
| control field | OSt |
| 005 - DATE AND TIME OF LATEST TRANSACTION | |
| control field | 20220925171430.0 |
| 008 - FIXED-LENGTH DATA ELEMENTS--GENERAL INFORMATION | |
| fixed length control field | 220923b |||||||| |||| 00| 0 eng d |
| 037 ## - SOURCE OF ACQUISITION | |
| Terms of availability | General Book |
| 040 ## - CATALOGING SOURCE | |
| Original cataloging agency | RTL |
| Transcribing agency | RTL |
| Language of cataloging | eng |
| 041 ## - LANGUAGE CODE | |
| Source of code | eng |
| Language code of text/sound track or separate title | eng |
| 100 ## - MAIN ENTRY--PERSONAL NAME | |
| Personal name | Laxmi Shankar Ed. |
| 9 (RLIN) | 239386 |
| 245 #0 - TITLE STATEMENT | |
| Title | Commerce, business administration, business manage |
| 260 ## - PUBLICATION, DISTRIBUTION, ETC. | |
| Place of publication, distribution, etc. | Bhopal |
| Name of publisher, distributor, etc. | COR |
| Date of publication, distribution, etc. | 1980 |
| 300 ## - PHYSICAL DESCRIPTION | |
| Extent | viii;280p |
| Dimensions | cm. |
| 490 ## - SERIES STATEMENT | |
| Series statement | Council of Oriental Reserach, Publication. National Register of Doctoral Dissertations; Social Sciences,5 |
| 942 ## - ADDED ENTRY ELEMENTS (KOHA) | |
| Classification part | Xa494,12.N8, M0/BB |
| Koha item type | General Books |
| Source of classification or shelving scheme | Colon Classification (CC) |
| Withdrawn status | Lost status | Damaged status | Not for loan | Home library | Current library | Date acquired | Total Checkouts | Full call number | Barcode | Date last seen | Price effective from | Koha item type |
|---|---|---|---|---|---|---|---|---|---|---|---|---|
| Ratan Tata Library | Ratan Tata Library | 2022-09-25 | Xa494,12.N8 M0/BB | RT0711764 | 2022-09-25 | 2022-09-25 | General Books |
